Working for capitalism

Zapisane w:
Opis bibliograficzny
1. autor: Pfeffer, Richard M.
Format: Książka
Język:Undetermined
Wydane: New York Columbia University Press 1972
Hasła przedmiotowe:
Etykiety: Dodaj etykietę
Nie ma etykietki, Dołącz pierwszą etykiete!
Thư viện lưu trữ: Trung tâm Học liệu Trường Đại học Cần Thơ
LEADER 00505nam a2200169Ia 4500
001 CTU_79164
008 210402s9999 xx 000 0 und d
082 |a 301.44 
082 |b P524 
100 |a Pfeffer, Richard M. 
245 0 |a Working for capitalism 
245 0 |c Richard M. Pfeffer 
260 |a New York 
260 |b Columbia University Press 
260 |c 1972 
650 |a Factory system,Industrial relations,Labor and laboring classes 
980 |a Trung tâm Học liệu Trường Đại học Cần Thơ